Options for dealing with squatters (Record no. 112483)
[ view plain ]
| 000 -LEADER | |
|---|---|
| fixed length control field | 00960cad a22002055a 4500 |
| 001 - CONTROL NUMBER | |
| control field | L153359 |
| 008 - FIXED-LENGTH DATA ELEMENTS--GENERAL INFORMATION | |
| fixed length control field | 110715s2011 xxk f 000 0 eng d |
| 035 ## - SYSTEM CONTROL NUMBER | |
| System control number | (Sirsi) u153359 |
| 041 0# - LANGUAGE CODE | |
| Language code of text/sound track or separate title | eng |
| 110 2# - MAIN ENTRY--CORPORATE NAME | |
| Corporate name or jurisdiction name as entry element | United Kingdom |
| Subordinate unit | Ministry of Justice |
| 9 (RLIN) | 5477 |
| 245 00 - TITLE STATEMENT | |
| Title | Options for dealing with squatters |
| Remainder of title | consultation |
| Medium | [electronic resource] |
| 260 ## - PUBLICATION, DISTRIBUTION, ETC. | |
| Place of publication, distribution, etc. | London |
| Name of publisher, distributor, etc. | MoJ |
| Date of publication, distribution, etc. | 2011 |
| 520 ## - SUMMARY, ETC. | |
| Summary, etc. | Consultation on whether existing criminal and civil measures for dealing with squatting in occupied buildings need to be revised in order to provide better protection for property owners. Squatting is viewed as a form of trespass. For summary of responses see L154207. |
| 520 ## - SUMMARY, ETC. | |
| Summary, etc. | Consultation closes 5 October 2011. |
| 590 ## - LOCAL NOTE (RLIN) | |
| Local note | KA NTK |
| 651 #4 - SUBJECT ADDED ENTRY--GEOGRAPHIC NAME | |
| Geographic name | England and Wales |
| Chronological subdivision | 1543- |
| 690 ## - LOCAL SUBJECT ADDED ENTRY--TOPICAL TERM (OCLC, RLIN) | |
| Topical term or geographic name as entry element | PROPERTY |
| 856 40 - ELECTRONIC LOCATION AND ACCESS | |
| Uniform Resource Identifier | <a href="https://www.justice.gov.uk/downloads/consultations/options-dealing-with-squatting.pdf">https://www.justice.gov.uk/downloads/consultations/options-dealing-with-squatting.pdf</a> |
| Public note | View the item free of charge at www.justice.gov.uk |
| 942 ## - ADDED ENTRY ELEMENTS (KOHA) | |
| Suppress in OPAC | 0 |
| Withdrawn status | Lost status | Source of classification or shelving scheme | Damaged status | Not for loan | Home library | Current library | Shelving location | Date acquired | Total Checkouts | Full call number | Barcode | Date last seen | Copy number | Price effective from | Koha item type |
|---|---|---|---|---|---|---|---|---|---|---|---|---|---|---|---|
| Dewey Decimal Classification | Virtual | Virtual | Online | 15/07/2011 | ONLINE PUBLICATION | 153359-2001 | 06/08/2019 | 1 | 06/08/2019 | Book |